Nové prístupy k riadeniu ponuky priemyselných podnikov zborník vedeckých statí

Salvato in:
Dettagli Bibliografici
Ente Autore: Ekonomická univerzita v Bratislave. Obchodná fakulta
Altri autori: Kita, Pavol, Čihovská, Viera, Zamykalová, Miroslava
Natura: Libro
Lingua:slovacco
Pubblicazione: Bratislava Vydavateľstvo EKONÓM 2010
Soggetti:
Tags: Aggiungi Tag
Nessun Tag, puoi essere il primo ad aggiungerne!!

MARC

LEADER 00000nam a2200000 4500
001 0118195
005 20240530083815.9
020 |a 978-80-225-3054-5 
041 0 |a slo 
044 |a SK 
245 1 0 |a Nové prístupy k riadeniu ponuky priemyselných podnikov  |b zborník vedeckých statí  |c zostavil Pavol Kita 
264 1 |a Bratislava  |b Vydavateľstvo EKONÓM  |c 2010 
300 |a 144 s. [7,460 AH] 
610 2 0 |a podnik priemyselný 
610 2 0 |a ponuka 
610 2 0 |a obchod 
610 2 0 |a distribúcia 
610 2 0 |a outsourcing 
610 2 0 |a metódy riadenia 
610 2 0 |a predaj 
610 2 0 |a služby sociálne 
610 2 0 |a podnik malý 
610 2 0 |a podnik stredný 
610 2 0 |a marketing 
610 2 0 |a výrobky nové 
700 1 |a Kita, Pavol 
700 1 |a Čihovská, Viera 
700 1 |a Zamykalová, Miroslava 
710 2 |a Ekonomická univerzita v Bratislave. Obchodná fakulta